| 000 | 00808nam a2200253 a 4500 | ||
|---|---|---|---|
| 001 | BRCA_330 | ||
| 005 | 20190320202949.0 | ||
| 008 | 820330s1980 ne a b 001 0 eng | ||
| 040 |
_aDLC _cDLC _dDLC |
||
| 050 | 4 |
_aNK4215 _b.P4 1980 |
|
| 100 | 1 |
_aPenkala, Maria _91099 |
|
| 245 | 1 | 0 |
_aEuropean Pottery _bA Handbook for the Collector : 5816 Marks on Maiolica, Faience, and Stoneware _cby Maria Penkala. |
| 250 | _a[3 ed.] | ||
| 260 |
_aSchiedam, Holanda _bInterbook International _c1980 |
||
| 300 |
_a472 p. _bil. _c24 cm. |
||
| 500 | _aIncluye lista de ilustraciones | ||
| 500 | _aIncluye índice | ||
| 500 | _aDonación Consejo Británico | ||
| 504 | _aBibliografía : p. 459-462 | ||
| 650 | 1 | 4 |
_aCerámica _xMarcas _91100 |
| 650 | 1 | 4 |
_aCerámica _xHistoria _zEuropa _91101 |
| 902 | _aDCB | ||
| 942 |
_2lcc _cB |
||
| 999 |
_c267 _d267 |
||